Kenosis-anonadamiento (Registro nro. 69478)
[ vista simple ]
| 000 -LÍDER | |
|---|---|
| Campo fijo de descripción fija | 01328nab a2200205 i 4500 |
| 001 - NÚMERO DE CONTROL | |
| Campo de control | 768714001 |
| 003 - IDENTIFICADOR DEL NÚMERO DE CONTROL | |
| Campo de control | CO-MdFUSB |
| 005 - FECHA Y HORA DE LA ULTIMA TRANSACCIÓN | |
| control field | 20240506111142.0 |
| 008 - ELEMENTOS DE LONGITUD FIJA -- INFORMACIÓN GENERAL | |
| Campo fijo de descripción fija -- Información general | 240502t1966 sp ||||| |||| 00| 0 spa d |
| 040 ## - FUENTE DE CATALOGACIÓN | |
| Idioma de catalogación | spa |
| Agencia que realiza la transcripción | CO-MdFUSB |
| Agencia que realiza la modificación | CO-MdFUSB |
| 041 ## - CÓDIGO DE IDIOMA | |
| Código de idioma para texto/pista de sonido o título separado | spa |
| 100 ## - ASIENTO PRINCIPAL--NOMBRE PERSONAL | |
| Nombre personal | Schoonenberg, Piet, |
| Término relacionador | autor |
| 245 ## - TÍTULO | |
| Título | Kenosis-anonadamiento |
| Mención de responsabilidad | / Piet Schoonenberg |
| 520 ## - NOTA DE RESUMEN, ETC. | |
| Nota de sumario, etc. | Desde el Concilio de Calcedonia, la teología ha expresado la plenitud de Cristo dándole dos naturalezas: la divina y la humana. La descripción de Cristo que hacen los escritos del Nuevo Testamento desde un punto de vista teológico resalta la plenitud, pero no la dualidad, de los principios dogmáticos posteriores. El propósito del autor en este artículo sobre la kénosis, o el vaciamiento, es enfatizar el significado de esta segunda dualidad en la reflexión teológica. Después de realizar una breve investigación teológica sobre el tema, su objetivo es dejar claro a quienes siguen a Cristo que él está presente en la tierra. |
| 650 #7 - ASIENTO SECUNDARIO DE MATERIA - TERMINO TEMÁTICO | |
| Término temático o nombre geográfico como elemento de entrada | Teología dogmática |
| 9 (RLIN) | 6937 |
| 650 #7 - ASIENTO SECUNDARIO DE MATERIA - TERMINO TEMÁTICO | |
| Término temático o nombre geográfico como elemento de entrada | Cristología |
| 9 (RLIN) | 239 |
| 773 0# - ASIENTO DE ITEM FUENTE | |
| Biblionumber | 49450 |
| Itemnumber | 82569 |
| Otro identificador del ítem | R2501 |
| Título | Revista internacional de teología Concilium |
| Número de control del registro | (CO-MdFUSB)8 |
| Número Internacional Normalizado para Publicaciones Seriadas (ISSN) | 0210-1041 |
| Parte(s) relacionada(s) / Volumen., número. (mes año), páginas | Número 11, (enero, 1966), páginas: 51 - 71 |
| Enumeración y primera página | página: 51 |
| 942 ## - TIPO DE MATERIAL (KOHA) | |
| Tipo de Item KOHA | Artículos de Revista |
| 945 ## - INFORMACIÓN LOCAL DEL REGISTRO | |
| Catalogador | Catherine Arias Álvarez practicante SENA |
No hay ítems disponibles.
